000 00360nam a2200133Ia 4500
008 240624s9999 xx 000 0 und d
041 _aeng
082 _a332 CAL
100 _aCALVERLEY JOHN
245 _aINVESTOR S GUIDE TO ECONOMIC FUNDAMENTAL
260 _c2003
_aNew Jersey
_bJohn Wiley and Sons
300 _axviii, : 242 : p. : cm. ; 25
365 _c
_b30
999 _c16474
_d16474